|
|
|
|
| LEADER |
01325nam a22003497a 4500 |
| 001 |
41249 |
| 003 |
BD-DhAAL |
| 005 |
20230522164357.0 |
| 008 |
230522t2008 ii a|||| |||| 001 0 eng d |
| 020 |
|
|
|a 9780195698503
|
| 020 |
|
|
|a 0195698509
|
| 040 |
|
|
|a BD-DhAAL
|d BD-DhAAL
|
| 082 |
|
|
|a 333.2
|2 22
|
| 100 |
|
|
|a Editors: Pranab Bardhan, Isha Ray
|9 54307
|
| 245 |
|
|
|a The contested commons :
|b conversations between economists and anthropologists /
|c edited by Pranab Bardhan and Isha Ray.
|
| 250 |
|
|
|a First edition
|
| 260 |
|
|
|a New Delhi :
|b Oxford University Press,
|c 2008.
|
| 300 |
|
|
|a x, 289 pages ;
|c 24 cm.
|
| 504 |
|
|
|a Includes bibliographical references and index.
|
| 526 |
|
|
|a AAL
|
| 541 |
|
|
|a Book paradise
|e 41249
|
| 650 |
|
|
|a Commons.
|
| 650 |
|
|
|a Natural resources, Communal.
|9 54317
|
| 650 |
|
|
|a Communication in international relations.
|9 54318
|
| 650 |
|
|
|a Economic anthropology.
|9 39460
|
| 651 |
|
|
|a Developing countries
|x Economic conditions.
|
| 700 |
|
|
|a Bardhan, Pranab K.
|9 3286
|
| 700 |
|
|
|a Ray, Isha.
|9 54319
|
| 852 |
|
|
|a Ayesha Abed Library
|c General Stacks
|
| 942 |
|
|
|2 ddc
|c BK
|
| 999 |
|
|
|c 45790
|d 45790
|
| 952 |
|
|
|0 0
|1 0
|2 ddc
|4 0
|6 333_200000000000000_CON
|7 0
|9 73669
|a BRACUL
|b BRACUL
|c GEN
|d 2023-05-22
|e Books Paradise
|g 1495.00
|l 0
|o 333.2 CON
|p 3010041249
|r 2023-05-22
|t 1
|v 1495.00
|w 2023-05-22
|y BK
|